Food And Beverage service (Record no. 852279)

MARC details
000 -LEADER
fixed length control field 00314nam a2200133Ia 4500
008 - FIXED-LENGTH DATA ELEMENTS--GENERAL INFORMATION
fixed length control field 230818s9999 xx 000 0 und d
041 ## - LANGUAGE CODE
Language code of text/sound track or separate title eng
100 ## - MAIN ENTRY--PERSONAL NAME
Personal name Lilicrap
245 ## - TITLE STATEMENT
Title Food And Beverage service
260 ## - PUBLICATION, DISTRIBUTION, ETC.
Name of publisher, distributor, etc. Hodder Arnold
300 ## - PHYSICAL DESCRIPTION
Extent 493p
520 ## - SUMMARY, ETC.
Summary, etc. General
650 ## - SUBJECT ADDED ENTRY--TOPICAL TERM
Topical term or geographic name entry element Food and Beverage service
Holdings
Withdrawn status Lost status Damaged status Not for loan Home library Current library Date acquired Source of acquisition Cost, normal purchase price Total Checkouts Barcode Date last seen Price effective from Koha item type
        College of Hotel & Tourism Management Studies, Navi Mumbai College of Hotel & Tourism Management Studies, Navi Mumbai 18/08/2023 Bhaktivedanta Book Distributers 598.00   HMM-A548 18/08/2023 18/08/2023 Book